Obdobie po Kjótskom protokole: je možnosť globálnej dohody? bakalárska práca

Salvato in:
Dettagli Bibliografici
Autore principale: Holičová, Miroslava
Ente Autore: Fakulta medzinárodných vzťahov EU. Katedra medzinárodných ekonomických vzťahov a hospodárskej diplomacie
Altri autori: Mizera, Radoslav, 1982-
Natura: Libro
Lingua:slovacco
Pubblicazione: Bratislava 2009
Tags: Aggiungi Tag
Nessun Tag, puoi essere il primo ad aggiungerne!!

MARC

LEADER 00000nam$a2200000$$$4500
001 0099766
005 20240318140858.2
041 0 |a slo 
044 |a SK 
245 1 0 |a Obdobie po Kjótskom protokole: je možnosť globálnej dohody?  |b bakalárska práca  |c Miroslava Holičová ; škol. Radoslav Mizera 
264 1 |a Bratislava  |c 2009 
300 |a 51 s. 
100 1 |a Holičová, Miroslava 
700 1 |a Mizera, Radoslav, 1982- 
710 2 |a Fakulta medzinárodných vzťahov EU. Katedra medzinárodných ekonomických vzťahov a hospodárskej diplomacie